La Atenas de Pericles /

La ciudad de Atenas fue escenario, durante un siglo v.a.C. de un estraordinario florecimiento cultural. El autor estudia esa edad de oro, que se abre con la derrota de los persas en Salamina, se ve atravesada por las guerras del Peloponeso y concluye con la victoria de Esparta. La personalidad de la...

Full description

Bibliographic Details
Main Author: Bowra, C. M. 1898-1971
Format: Libro
Language:Spanish
Published: Madrid, España Alianza 2003
Series:Alianza. Historia 4209
Subjects:
Online Access:

MARC

LEADER 00000cam a2200000 a 4500
001 022701
003 UAHC_CL
005 20170803122142.0
008 050721b2003 sp 000 spa
020 |a 8420655171 
040 |a UAHC_CL  |c UAHC_CL  |d UAHC_CL 
100 1 |a Bowra, C. M.  |d 1898-1971 
245 1 3 |a La Atenas de Pericles /  |c C.M. Bowra. 
260 |b Alianza  |c 2003  |a Madrid, España 
300 |a 303 p. 
490 0 |a Alianza. Historia  |v 4209 
520 |a La ciudad de Atenas fue escenario, durante un siglo v.a.C. de un estraordinario florecimiento cultural. El autor estudia esa edad de oro, que se abre con la derrota de los persas en Salamina, se ve atravesada por las guerras del Peloponeso y concluye con la victoria de Esparta. La personalidad de la vida de Pericles, esta asociada con los momentos culminantes de aquella excepcional centuria. La Clave de Atenas de Pericles fue el sistema democrático, que liberó las energías creadoras del pueblo ateniense y estableció un modelo de gobierno que ha inspirado a lo largo de los siglos las luchas de los hombres por la libertad y las instituciones representativas. 
521 |a EL mundo clásico 
600 1 4 |a PERICLES, 499-429 B.C 
651 4 |a ATENAS (GRECIA)  |x HISTORIA 
653 |a PEDAGOGIA EN HISTORIA Y CIENCIAS SOCIALES 
658 |a Cot, María José 
658 |a Carmona, Cecile 
900 |a 938 BOW 
942 |c BK 
952 |0 0  |1 0  |4 0  |6 938_000000000000000_BOW  |7 0  |8 General  |9 45154  |a BC  |b BC  |c General  |d 2017-08-03  |l 0  |o 938 BOW  |p 1349805  |r 2026-01-13 00:00:00  |t 1  |w 2017-08-03  |y BK 
952 |0 0  |1 0  |4 0  |6 938_000000000000000_BOW  |7 0  |8 General  |9 45155  |a BC  |b BC  |c General  |d 2017-08-03  |l 0  |o 938 BOW  |p 1349806  |r 2026-01-13 00:00:00  |t 2  |w 2017-08-03  |y BK 
952 |0 0  |1 0  |4 0  |6 938_000000000000000_BOW  |7 0  |8 General  |9 45156  |a BC  |b BC  |c General  |d 2017-08-03  |l 0  |o 938 BOW  |p 1401746  |r 2026-01-13 00:00:00  |t 3  |w 2017-08-03  |y BK 
952 |0 0  |1 0  |4 0  |6 938_000000000000000_BOW  |7 0  |8 General  |9 45157  |a BC  |b BC  |c General  |d 2017-08-03  |l 0  |o 938 BOW  |p 1401747  |r 2026-01-13 00:00:00  |t 4  |w 2017-08-03  |y BK 
999 |c 22701  |d 22701